12 Largest EEZs - Statistics

General Stats
  • This quiz has been taken 26 times
  • The average score is 11 of 12
Answer Stats
Area (KM2) Answer % Correct
8,505,348 Australia
100%
5,599,077 Canada
100%
11,691,000 France
100%
4,479,388 Japan
100%
7,566,673 Russia
100%
6,805,586 United Kingdom
100%
11,351,000 United States
100%
4,420,565 New Zealand
95%
3,830,955 Brazil
90%
3,681,989 Chile
90%
6,159,032 Indonesia
90%
3,441,810 Kiribati
65%
No matching quizzes found
Score Distribution
Percent of People with Each Score
Percentile by Number Answered
Your Score History
You have not taken this quiz